Argentina: los desequilibrios de la economía a 10 años de la convertibilidad /
Đã lưu trong:
| Tác giả chính: | |
|---|---|
| Định dạng: | Texto |
| Những chủ đề: | |
| Các nhãn: |
Thêm thẻ
Không có thẻ, Là người đầu tiên thẻ bản ghi này!
|
MARC
| LEADER | 00000 a a2200000 04500 | ||
|---|---|---|---|
| 001 | 3537 | ||
| 003 | |||
| 040 | |||
| 100 | |a Kozulj, Roberto | ||
| 245 | |a Argentina: |b los desequilibrios de la economía a 10 años de la convertibilidad / |c Roberto Kozulj | ||
| 650 | |a REFORMA ECONOMICA | ||
| 650 | |a PRIVATIZACION | ||
| 650 | |a GASTOS PUBLICOS | ||
| 650 | |a CORRECCION MONETARIA | ||
| 773 | |g volumen 52, número 7; páginas 640-655 | ||
| 999 | |c 24257 |d 24257 | ||
